Magazín rybára

Bibliographic Details
Format: Serial
Language:Slovak
PhysicalDescription:zv. fotogr., ilustr., tab. 21 cm
Published: Partizánske Style
ISBN:8096868462
Subjects:

MARC

LEADER 00000nas a2200000 a 4500
001 vtls001483570
003 SK-MaSNL
005 20260228160813.0
008 131003cuuuu xo ka a 0 0slo c
020 |a 8096868462 
035 |a SNK000438864 
040 |a SNK  |b slo  |c SNK  |e AACR2 
041 0 |a slo 
245 1 |a Magazín rybára 
260 |a Partizánske  |b Style 
300 |a zv.  |b fotogr., ilustr., tab.  |c 21 cm 
310 |a Ročenka 
362 0 |a 2002- 
500 |a Do r.1991 spracované ako monografia 
500 |a Súčasťou názvu je označenie bežného roku 
500 |a Popis podľa: R. 2002 (vydané v r. 2001) 
655 7 |a ročenky  |2 SNK  |9 57146 
850 |a Slovenská národná knižnica v Martine 
919 |a 80-968684-6-2 
999 |c 3635  |d 5565 
952 |0 0  |1 0  |4 0  |7 0  |a SNK  |b SNK  |d 2012-07-24  |i snkKSP 1305/85  |l 0  |o snkČSD 193/1985  |p 17A0729825  |r 2026-02-21 20:30:24  |w 2026-02-21  |y PREZ 
952 |0 0  |1 0  |4 0  |7 0  |a SNK  |b SNK  |d 2012-07-24  |i snkKSP 1197/86  |l 0  |o snkČSD 193/1986  |p 17A0729826  |r 2026-02-21 20:30:24  |w 2026-02-21  |y PREZ 
952 |0 0  |1 0  |4 0  |7 0  |a SNK  |b SNK  |d 2004-10-14  |i snkPV 1373/2004  |l 0  |o snkČSD 193/2002  |p 17A0431723  |r 2005-01-02 00:00:00  |t P60, <06>, [ISSUE], {606}, -P-  |w 2026-02-21  |y PREZ 
952 |0 0  |1 0  |4 0  |7 0  |a SNK  |b SNK  |d 2004-10-14  |i snkPV 1374/2004  |l 0  |o snkČSD 193/2002 D1  |p 17A0431724  |r 2005-01-02 00:00:00  |t P60, <06>, [ISSUE], {606}  |w 2026-02-21  |y PREZ